• 首页
  • 本馆介绍
  • 公告通知
  • 最新文献
  • 馆藏检索
  • 电子资源
  • 读者导购
  • 参考咨询
  • 我的图书馆
  • 登录
  • 详细信息显示
  • 放入我的书架
  • 预约/预借图书
  • 作者相关作品
  • 分类相关作品
  • 丛书相关作品
  • 出版社相关作品

书目信息

  • 表格格式
  • 工作单格式
  • 卡片格式
题名:
诗经·楚辞
    
 
作者: 屈原, 著 ;孔子, , 沐言非 编
分册: 2  
出版信息: 北京   线装书局  2018.01
页数: 4册 (786页)
开本: 25cm
丛书名:
单 册:
中图分类: I222.2 , I222.3
科图分类:
主题词: 楚辞--chu ci--注释 , 古体诗--gu ti shi--诗集--中国--春秋时代 , 古典诗歌--gu dian shi ge--诗集--中国--战国时代
电子资源:
ISBN: 978-7-5120-2990-3
000 01339nam0 2200325 450
001 CAL 0120182454578
005 20230307162424.51
010    @a978-7-5120-2990-3@dCNY49.00
100    @a20180424d2018 em y0chiy0120 ea
101 0  @achi
102    @aCN@b110000
105    @ay z 000gy
106    @ar
200 1  @a诗经·楚辞@Ashi jing · chu ci@f(春秋) 孔子编@g(战国) 屈原著@g沐言非注解@h2
210    @a北京@c线装书局@d2018.01
215    @a4册 (786页)@d25cm
300    @a华夏文苑 无障碍阅读珍藏版
330    @a《诗经》是我国最早的诗歌总集、古典文学之源, 其现实主义的创作手法和多样式的文学风格, 对后世文学影响极大, 被后入尊奉为“五经”之一。《楚辞》是继《诗经》之后又一部影响深远的巨著, 它作为我国积极浪漫主义诗歌创作的源头, 泽被后世百代诗坛和文坛。这两部经典著作是我国传统文化中的珍贵遗产, 历来备受推崇, 伟人英雄, 歌以咏志。
605    @a诗经@Ashi jing@x注释
606 0  @a楚辞@Achu ci@x注释
606 0  @a古体诗@Agu ti shi@x诗集@y中国@z春秋时代
606 0  @a古典诗歌@Agu dian shi ge@x诗集@y中国@z战国时代
690    @aI222.2@v5
690    @aI222.3@v5
701  0 @a屈原,@Aqu yuan@f战国时代@4著
702  0 @a孔子,@Akong zi@f春秋时代@4编
702  0 @a沐言非@Amu yan fei@4注解
801  0 @aCN@bBJXHZP@c20230228
804    @a一, 196 ; 二, 198-392 ; 三, 394-588 ; 四, 590- 786
905    @b1405887-8@dI222.2@e893:2@f2
    
    诗经·楚辞/(春秋) 孔子编/(战国) 屈原著/沐言非注解.2.-北京:线装书局,2018.01
    4册 (786页);25cm
    华夏文苑 无障碍阅读珍藏版
    
    ISBN 978-7-5120-2990-3:CNY49.00
    《诗经》是我国最早的诗歌总集、古典文学之源, 其现实主义的创作手法和多样式的文学风格, 对后世文学影响极大, 被后入尊奉为“五经”之一。《楚辞》是继《诗经》之后又一部影响深远的巨著, 它作为我国积极浪漫主义诗歌创作的源头, 泽被后世百代诗坛和文坛。这两部经典著作是我国传统文化中的珍贵遗产, 历来备受推崇, 伟人英雄, 歌以咏志。
●
相关链接 在E读中查询图书 在五车中查询图书 在当当中查询图书 在豆瓣中查询图书


正题名:诗经·楚辞     索取号:I222.2/893:2         预约/预借

序号 登录号 条形码 馆藏地/架位号 状态 备注
1 1405887   214058874   第一样本阅览室/ [索取号:I222.2/893:2] 在馆    
2 1405888   214058883   第二借阅区/ [索取号:I222.2/893:2] 在馆    
唐山师范学院图书馆 欢迎您!
大连网信软件有限公司© 版权所有